00402nam a2200145Ia 4500008004100000020001500041041001200056082001100068100001300079245007500092260004900167300000800216650001600224700001600240221030s9999 xx 000 0 und d a8122421555 aEnglish a105.23 aR. Singh 0aMicroprocessors - Interfacing & Applicationscby R. Singh, B. P. Singh bNew Age International Pub.aNew Delhic2009 a459 aBE Computer aB. P. Singh